01405nam a22003377a 4500003000400000005001700004008004100021020001400062040002200076082001800098100002700116245006600143260006300209300001900272490001300291505024000304505002200544505002900566505007700595505001800672505001000690505004300700505003100743505001500774650004100789650004500830650004400875650004900919650004900968650005001017OSt20230816114309.0221006b |||||||| |||| 00| 0 eng d a1696-6690 cBiblioteca Lado V a700.41bR744a aRolando, Carloseautor aARCO Contemporary art/bMirada Retrospectiva | Arco Especial/ bFeria Internacional de Arte Contemporáneo c2004aMadrid c21x30cma217p. a39v2006 tMadrid Arte En FebreroaMadrid Abierto Fundacion ICO La Casa Encendida Reina Sofia Fundacion Telefonica Conde Duque Circulo de Bellas Artes La Caixa Casa de America Fundacion Canal Isabel II Consejer'ia de Cultura y Deportes tProyecto Espacial tGalerías Participantes tMirades & QuotesaEntrevista Afinidades Critica Programas Circuitos tColeccionismo tForos tLa Palabra escrita | La Imagen escrita tPresenciasaModa Momentos tLas Noches 2Tesauro de Arte & ArquitecturaaARTE 2Tesauro de Arte & ArquitecturaaNOTICIAS 2Tesauro de Arte & ArquitecturaaCRITICA 2Tesauro de Arte & ArquitecturaaAPRECIACION  2Tesauro de Arte & ArquitecturaaVISIBILIDAD  2Tesauro de Arte & ArquitecturaaCOLECCIONISMO